|
|
|
|
| LEADER |
00000nam2a2200000 4500 |
| 001 |
324658 |
| 005 |
20231101023355.0 |
| 035 |
|
|
|a (RuTPU)RU\TPU\book\350256
|
| 035 |
|
|
|a RU\TPU\book\350255
|
| 090 |
|
|
|a 324658
|
| 100 |
|
|
|a 20161118d1861 m y0rusy50 ca
|
| 101 |
0 |
|
|a rus
|
| 102 |
|
|
|a RU
|
| 105 |
|
|
|a y z 001zb
|
| 200 |
0 |
|
|a Т. 2, ч. III, IV и V
|
| 210 |
|
|
|d 1861
|
| 215 |
|
|
|a XV, 388 с.
|
| 300 |
|
|
|a Текст в русской дореформенной орфографии
|
| 316 |
|
|
|5 63413507: М-132081
|a На корешке инициалы: "П. М."
|
| 317 |
|
|
|5 63413507: М-132081
|a Поступила в НТБ в 1970 г. в составе книжного собрания профессора ТПИ И. Н. Бутакова
|
| 320 |
|
|
|a Постраничные примечания
|
| 461 |
|
1 |
|0 (RuTPU)RU\TPU\book\350251
|t Жизнь графа Сперанского
|o в 2 т.
|f сост. М. А. Корф
|v Т. 2, ч. III, IV и V
|d 1861
|
| 600 |
|
1 |
|a Сперанский
|g Михаил Михайлович
|b М. М.
|c российский государственный деятель
|c граф
|f 1772-1839
|2 stltpush
|3 (RuTPU)RU\TPU\pers\60
|
| 610 |
1 |
|
|a Россия
|
| 610 |
1 |
|
|a история
|
| 610 |
1 |
|
|a 18 век
|
| 610 |
1 |
|
|a 19 век
|
| 610 |
1 |
|
|a государственные деятели
|
| 610 |
1 |
|
|a владельческие знаки
|
| 610 |
1 |
|
|a библиотека И. Н. Бутакова
|
| 801 |
|
1 |
|a RU
|b 63413507
|c 20161118
|
| 801 |
|
2 |
|a RU
|b 63413507
|c 20190722
|g RCR
|
| 942 |
|
|
|c BK
|